<?xml version="1.0" encoding="UTF-8"?>
<record
    xmlns:xsi="http://www.w3.org/2001/XMLSchema-instance"
    xsi:schemaLocation="http://www.loc.gov/MARC21/slim http://www.loc.gov/standards/marcxml/schema/MARC21slim.xsd"
    xmlns="http://www.loc.gov/MARC21/slim">

  <leader>01434nam a22002417a 4500</leader>
  <controlfield tag="005">20251023143007.0</controlfield>
  <controlfield tag="008">251023b        |||||||| |||| 00| 0 eng d</controlfield>
  <datafield tag="020" ind1=" " ind2=" ">
    <subfield code="a">9789359989396</subfield>
  </datafield>
  <datafield tag="040" ind1=" " ind2=" ">
    <subfield code="c">AL</subfield>
  </datafield>
  <datafield tag="041" ind1=" " ind2=" ">
    <subfield code="a">eng</subfield>
  </datafield>
  <datafield tag="082" ind1=" " ind2=" ">
    <subfield code="a">510.02</subfield>
    <subfield code="b">TYAI</subfield>
  </datafield>
  <datafield tag="100" ind1=" " ind2=" ">
    <subfield code="a">Neha Tyagi</subfield>
    <subfield code="9">242566</subfield>
  </datafield>
  <datafield tag="245" ind1=" " ind2=" ">
    <subfield code="a">IIT JAM </subfield>
    <subfield code="b">: Mathematics</subfield>
  </datafield>
  <datafield tag="260" ind1=" " ind2=" ">
    <subfield code="a">New Delhi</subfield>
    <subfield code="b">Arihant</subfield>
    <subfield code="c">2025</subfield>
  </datafield>
  <datafield tag="300" ind1=" " ind2=" ">
    <subfield code="a">211p</subfield>
    <subfield code="b">PB</subfield>
    <subfield code="c">26x20.5cm</subfield>
  </datafield>
  <datafield tag="365" ind1=" " ind2=" ">
    <subfield code="2">Mathematics</subfield>
    <subfield code="a">XWNY-566904</subfield>
    <subfield code="b">&#x20B9;290.00</subfield>
    <subfield code="c">&#x20B9;</subfield>
    <subfield code="d">&#x20B9;290.00</subfield>
    <subfield code="e">0</subfield>
    <subfield code="f">03-10-2025</subfield>
  </datafield>
  <datafield tag="520" ind1=" " ind2=" ">
    <subfield code="a">BOOK STRUCTURE
Solved Papers (2024-2005)
3 Practice Sets
BOOK FEATURES
Contains Previous Years&#x2019; Solved Papers (2024-2005) of IIT JAM Mathematics
Detailed and authentic solutions for each question
3 Practice Sets designed as per the existing test pattern
All the questions in practice sets are framed as per the latest pattern and difficulty level
Step-by-Step solution to each question to increase the concept comprehension of the aspirant
WHY THIS BOOK?
Fully revised to meet the purpose of admission into IIT&#x2019;s
Serves as an ultimate tool to encounter the IIT JAM 2025
Combined to provide an in-depth analysis of the exam in terms of the latest pattern and difficulty level
TABLE OF CONTENT:
Solved Papers (2024-2005), Practice Sets (1-3)</subfield>
  </datafield>
  <datafield tag="650" ind1=" " ind2=" ">
    <subfield code="a">Maths Entrance</subfield>
    <subfield code="9">242565</subfield>
  </datafield>
  <datafield tag="650" ind1=" " ind2=" ">
    <subfield code="a">MSc IITS</subfield>
    <subfield code="9">242567</subfield>
  </datafield>
  <datafield tag="650" ind1=" " ind2=" ">
    <subfield code="a">Solved Papers 2024-2005</subfield>
    <subfield code="9">242568</subfield>
  </datafield>
  <datafield tag="650" ind1=" " ind2=" ">
    <subfield code="a">Three Practice Sets</subfield>
    <subfield code="9">242569</subfield>
  </datafield>
  <datafield tag="942" ind1=" " ind2=" ">
    <subfield code="2">ddc</subfield>
    <subfield code="c">BK</subfield>
  </datafield>
  <datafield tag="999" ind1=" " ind2=" ">
    <subfield code="c">240581</subfield>
    <subfield code="d">240581</subfield>
  </datafield>
  <datafield tag="952" ind1=" " ind2=" ">
    <subfield code="0">0</subfield>
    <subfield code="1">0</subfield>
    <subfield code="2">ddc</subfield>
    <subfield code="4">0</subfield>
    <subfield code="7">0</subfield>
    <subfield code="8">MAT</subfield>
    <subfield code="a">AL</subfield>
    <subfield code="b">AL</subfield>
    <subfield code="c">SK</subfield>
    <subfield code="d">2025-10-13</subfield>
    <subfield code="e">amazon.in</subfield>
    <subfield code="g">290.00</subfield>
    <subfield code="l">0</subfield>
    <subfield code="o">510.02 TYAI</subfield>
    <subfield code="p">077913</subfield>
    <subfield code="r">2025-10-23 11:54:41</subfield>
    <subfield code="v">290.00</subfield>
    <subfield code="w">2025-10-03</subfield>
    <subfield code="y">BK</subfield>
  </datafield>
</record>
